Mathématique

Guardat en:
Dades bibliogràfiques
Autors principals: Thuizat, A (Autor), Girault, G (Autor), Lamat, J (Autor)
Format: Llibre
Idioma:francès
Publicat: París Classiques Technique & Vulgarisation 1974
Col·lecció:Collection Durrande
Matèries:
Etiquetes: Afegir etiqueta
Sense etiquetes, Sigues el primer a etiquetar aquest registre!

MARC

LEADER 00000nam a2200000 a 4500
001 UCQ8573
003 CL-VaPUC
008 981210e19740000FR |||||||||||||||||fre|d
082 0 4 |a 510  |b THU  |2 21 
100 0 |a Thuizat, A  |e author  |9 422605 
700 0 |a Girault, G  |e author  |9 422606 
700 0 |a Lamat, J  |e author  |9 422607 
245 1 0 |a Mathématique 
300 |a v 
942 |c BK 
945 |d 19981210 00:00:00  |a cmena 
260 |a París  |b Classiques Technique & Vulgarisation  |c 1974 
650 0 |a Matemática  |9 260235 
650 0 |a Geometría   |9 264063 
650 0 |a Ángulos  |9 342215 
650 0 |a Trigonometría   |9 259568 
650 0 |a Funciones   |9 263869 
650 0 |a Estadísticas  |9 258644 
583 |a last modification  |c 19981210 00:00:00  |k Rodrigo Vera 
490 0 |a Collection Durrande 
999 |c 277793  |d 277791 
952 |0 0  |1 0  |4 0  |6 510_000000000000000_THU_1974  |7 0  |8 A  |9 315996  |a BIBMAT  |b BIBMAT  |c E_DIDACT  |d 2019-11-20  |h v.2  |i 1307037  |o 510 THU 1974  |p 1307037  |r 2025-01-07  |w 2019-11-20  |y BK  |k MAT